| 000 | 01040nam a2200325Ia 4500 | ||
|---|---|---|---|
| 001 | Z_2184 | ||
| 003 | CHAP | ||
| 008 | 220113s1995 xx 000 0 und d | ||
| 010 | _a165240 | ||
| 040 | _cCHAP | ||
| 090 | _aTesis G 981 | ||
| 100 |
_aGirón Pablo, Herminia _948202 |
||
| 245 |
_aEfecto de la condición corporal al parto sobre la producción de leche en vaca Angus, Suizo Pardo y sus cruzas recíprocas / _cpor Herminia Girón Pablo y Julián Hernández Cruz |
||
| 260 |
_aChapingo, Méx. : _bEl autor, _c1995 |
||
| 300 | _a72 h. | ||
| 502 | _aTesis (Ing. Agr. Esp. en Zootecnia) -- UACH. Departamento de Zootecnia | ||
| 650 |
_aGanado Angus _944962 |
||
| 650 |
_aGanado lechero _xAlimentación _945238 |
||
| 650 |
_aGanado lechero _xRazas _945292 |
||
| 650 | _aGanado Pardo Suizo | ||
| 650 |
_aLactancia _964346 |
||
| 650 |
_aLeche _xProducción _965400 |
||
| 700 |
_aHernández Cruz, Julián _953925 |
||
| 901 | _aTESIS G 981 | ||
| 902 | _aM | ||
| 910 | _a1995 | ||
| 942 | _c2 | ||
| 942 | _c2 | ||
| 999 |
_c165240 _d165240 |
||